| 000 | 00497nam a2200205Ia 4500 | ||
|---|---|---|---|
| 008 | 170918s9999 xx 000 0 und d | ||
| 020 | _a9780545707428 | ||
| 050 | _bP322b 2015 | ||
| 100 | _aPatton, Jack | ||
| 245 | 4 | _aThe spider siege / | |
| 245 | _cby Jack Patton ; illustrated by Brett Bean. | ||
| 260 | _aNew York : | ||
| 260 | _bScholastic, | ||
| 260 | _c2015 | ||
| 300 | _a123 pages : | ||
| 300 | _billustrations ; | ||
| 300 | _c19cm. | ||
| 300 | _eBattle bugs ; | ||
| 440 | _a2 | ||
| 999 |
_c344294 _d344294 |
||